ՀՀ Գիտությունների ազգային ակադեմիայի հիմնարար գիտական գրադարան  =   Fundamental Scientific Library of NAS RA

Vautier : (Record no. 377518)

MARC details
000 -LEADER
fixed length control field 00751nam a2200229 a 4500
001 - CONTROL NUMBER
control field 001186215
003 - CONTROL NUMBER IDENTIFIER
control field AM-YeHGA
005 - DATE AND TIME OF LATEST TRANSACTION
control field 20250617152758.0
008 - FIXED-LENGTH DATA ELEMENTS--GENERAL INFORMATION
fixed length control field 161101s1897 gw a r 000 0 ger d
040 ## - CATALOGING SOURCE
Original cataloging agency AM-YeHGA
041 0# - LANGUAGE CODE
Language code of text/sound track or separate title ger
090 ## - LOCALLY ASSIGNED LC-TYPE CALL NUMBER (OCLC); LOCAL CALL NUMBER (RLIN)
-- 379430
100 1# - MAIN ENTRY--PERSONAL NAME
Personal name Rosenberg, Adolf
Dates associated with a name 1850-1906
245 10 - TITLE STATEMENT
Title Vautier :
Remainder of title Mit 111 Abbildungen nach Gemalden und Zeichnungen /
Statement of responsibility, etc. von Adolf Rosenberg ; in Verbindung mit Andern herausgegeben von H. Knackfutz.
250 ## - EDITION STATEMENT
Edition statement Liebhaber-Ausgaben
260 ## - PUBLICATION, DISTRIBUTION, ETC.
Place of publication, distribution, etc. Bielefeld
-- Leipzig :
Name of publisher, distributor, etc. Verlag von Velhagen & Klasing,
Date of publication, distribution, etc. 1897.
300 ## - PHYSICAL DESCRIPTION
Extent 98 c. :
Other physical details ill.
440 #0 - SERIES STATEMENT/ADDED ENTRY--TITLE
Title Kunstler-Monographien
Volume/sequential designation XXIII
504 ## - BIBLIOGRAPHY, ETC. NOTE
Bibliography, etc. note Includes bibliogr. references
600 14 - SUBJECT ADDED ENTRY--PERSONAL NAME
Personal name Vautier, Benjamin
650 14 - SUBJECT ADDED ENTRY--TOPICAL TERM
Topical term or geographic name entry element French painting
Holdings
Withdrawn status Lost status Source of classification or shelving scheme Damaged status Not for loan Collection Home library Current library Date acquired Total checkouts Full call number Barcode Date last seen Price effective from Koha item type Public note
    Universal Decimal Classification     Levonyan Individual Collection Fundamental Scientific Library Fundamental Scientific Library 11/01/2017   LEV/567 FL0431366 11/01/2017 11/01/2017 Գրքեր / Books ILL Non-Circ.


ՀՀ ԳԱԱ հիմնարար գիտական գրադարան
ՀՀ,Երևան 0019
Մարշալ Բաղրամյան 24/6
հեռախոս:(374-10) 52-47-50
Հետադարձ կապ

All site content, except where otherwise noted, is licensed under a
Creative Commons License